000 00565nam a2200157 a 4500
001 000046852
005 20201002053146.0
008 180403s2016 dr 000 spa d
020 _a9789945588668
040 _aDO-SdBNP
_bspa
_cBNPHU
100 1 _aRequena, Andrés Francisco
_937897
245 0 _aCementerio sin cruces :. :
_bnovela del martirio de la República Dominicana bajo la rapaz tirania de Trujillo /
_cAndrés Francisco Requena.
260 _aSanto Domingo :
_bMinisterio de Cultura,
_c2016.
300 _a230 p. ;
_c24 cm.
590 _aInventariado,2018/DG
999 _c46341
_d46341